000 00631nam a2200205Ia 4500
003 GCL
008 140319s9999 xx 000 0 ara d
040 _aGCL /
_cGCL
082 0 4 _a301.243
_bا ب
100 1 _aاويس عطوة الزنط
245 1 0 _aالبناء التكنولوجى للبلدان النامية /
_cاويس عطوة الزنط
260 _a[S.N] :
_bالمكتبة الاكاديمية ،
_c1991
300 _a212 ص
490 _a
650 0 4 _aالاجتماع
650 0 4 _aالمدن
650 0 4 _aالتغير الاجتماعى
650 0 4 _aالاجتماع الحضرى
942 _2ddc
_cBK
999 _c27692
_d27692